Statistics for Country Capital Neighbour Connect Map: Most A letters #2

Click here to take the quiz!

General Stats

  • This quiz has been taken 58 times
  • The average score is 156 of 392

Answers on the Map

Answers color-coded by a green-red scale on the quiz's map according to % correct below.
 

Answer Stats

Country/Capital% Correct
Antigua and Barbuda
100%
China
71%
Saint John's
71%
Ulaanbaatar
71%
Afghanistan
68%
Ashgabat
68%
Astana
68%
Bandar Seri Begawan
68%
Bangladesh
68%
Dhaka
68%
Dili
68%
Dushanbe
68%
East Timor
68%
India
68%
Indonesia
68%
Islamabad
68%
Jakarta
68%
Kabul
68%
Kazakhstan
68%
Kuala Lumpur
68%
Kyrgyzstan
68%
Malaysia
68%
Myanmar
68%
Naypyidaw
68%
Pakistan
68%
Papua New Guinea
68%
Tajikistan
68%
Thailand
68%
Abu Dhabi
65%
Amman
65%
Ankara
65%
Armenia
65%
Azerbaijan
65%
Baghdad
65%
Baku
65%
Bangkok
65%
Beijing
65%
Beirut
65%
Bhutan
65%
Bulgaria
65%
Cairo
65%
Cambodia
65%
Damascus
65%
Georgia
65%
Hanoi
65%
Iran
65%
Iraq
65%
Israel
65%
Jerusalem
65%
Jordan
65%
Kathmandu
65%
Laos
65%
Lebanon
65%
Macedonia
65%
Mongolia
65%
Muscat
65%
Nepal
65%
New Delhi
65%
Oman
65%
Port Moresby
65%
Riyadh
65%
Russia
65%
Sana'a
65%
Saudi Arabia
65%
Syria
65%
Thimphu
65%
Turkey
65%
United Arab Emirates
65%
Vientiane
65%
Vietnam
65%
Yerevan
65%
Albania
62%
Athens
62%
Austria
62%
Belarus
62%
Belgrade
62%
Bosnia and Herzegovina
62%
Bratislava
62%
Croatia
62%
Latvia
62%
Lithuania
62%
Ljubljana
62%
Romania
62%
Slovakia
62%
Sofia
62%
Tirana
62%
Warsaw
62%
Amsterdam
59%
Andorra
59%
Andorra la Vella
59%
France
59%
Germany
59%
Madrid
59%
Mauritania
59%
Poland
59%
Rabat
59%
Algeria
56%
Bamako
56%
Accra
53%
Banjul
53%
Bissau
53%
Burkina Faso
53%
Conakry
53%
Cote d'Ivoire
53%
Dakar
53%
Freetown
53%
Gambia
53%
Ghana
53%
Guinea
53%
Guinea-Bissau
53%
Liberia
53%
Mali
53%
Monrovia
53%
Ouagadougou
53%
Senegal
53%
Sierra Leone
53%
Yamoussoukro
53%
Algiers
50%
Angola
50%
Botswana
50%
Brazzaville
50%
Central African Republic
50%
Dodoma
50%
Gaborone
50%
Harare
50%
Kampala
50%
Kinshasa
50%
Lesotho
50%
Libya
50%
Luanda
50%
Lusaka
50%
Malawi
50%
Maputo
50%
Maseru
50%
Mbabane
50%
Mozambique
50%
Namibia
50%
N'Djamena
50%
Nouakchott
50%
Pretoria
50%
South Africa
50%
Swaziland
50%
Tanzania
50%
Zambia
50%
Abuja
47%
Addis Ababa
47%
Asmara
47%
Bangui
47%
Benin
47%
Cameroon
47%
Chad
47%
Democratic Republic of the Congo
47%
Djibouti
47%
Djibouti (cap)
47%
Egypt
47%
Equatorial Guinea
47%
Eritrea
47%
Ethiopia
47%
Gabon
47%
Juba
47%
Kenya
47%
Khartoum
47%
Lomé
47%
Malabo
47%
Mogadishu
47%
Nairobi
47%
Niamey
47%
Niger
47%
Nigeria
47%
Porto-Novo
47%
Rwanda
47%
Somalia
47%
South Sudan
47%
Sudan
47%
Togo
47%
Tripoli
47%
Tunis
47%
Tunisia
47%
Uganda
47%
Yaoundé
47%
Libreville
44%
Republic of the Congo
41%
Argentina
35%
Brasília
35%
Brazil
35%
Bujumbura
35%
Burundi
35%
Caracas
35%
Guyana
35%
Kigali
35%
La Paz
35%
Lilongwe
35%
Morocco
35%
Paraguay
35%
Paramaribo
35%
Paris
35%
Santiago
35%
Spain
35%
Windhoek
35%
Zimbabwe
35%
Asunción
32%
Belize
32%
Belmopan
32%
Bogotá
32%
Bolivia
32%
Bucharest
32%
Budapest
32%
Buenos Aires
32%
Canada
32%
Chile
32%
Chișinău
32%
Colombia
32%
Costa Rica
32%
Ecuador
32%
El Salvador
32%
Georgetown
32%
Greece
32%
Guatemala
32%
Guatemala City
32%
Honduras
32%
Hungary
32%
Italy
32%
Kosovo
32%
Lima
32%
Managua
32%
Mexico
32%
Mexico City
32%
Moldova
32%
Montenegro
32%
Montevideo
32%
Nicaragua
32%
Ottawa
32%
Panama
32%
Panama City
32%
Peru
32%
Podgorica
32%
Pristina
32%
Quito
32%
Rome
32%
San José
32%
San Marino
32%
San Marino (cap)
32%
San Salvador
32%
Sarajevo
32%
Serbia
32%
Skopje
32%
Slovenia
32%
Suriname
32%
Tegucigalpa
32%
Ukraine
32%
United States
32%
Uruguay
32%
Vatican City
32%
Vatican City (cap)
32%
Venezuela
32%
Vienna
32%
Washington D.C.
32%
Zagreb
32%
Belgium
29%
Berlin
29%
Bern
29%
Bishkek
29%
Brussels
29%
Copenhagen
29%
Czech Republic
29%
Denmark
29%
Doha
29%
Dublin
29%
Estonia
29%
Finland
29%
Helsinki
29%
Ireland
29%
Kiev
29%
Kuwait
29%
Kuwait City
29%
Liechtenstein
29%
Lisbon
29%
London
29%
Luxembourg
29%
Luxembourg (cap)
29%
Minsk
29%
Monaco
29%
Monaco (cap)
29%
Moscow
29%
Netherlands
29%
North Korea
29%
Norway
29%
Oslo
29%
Portugal
29%
Prague
29%
Pyongyang
29%
Qatar
29%
Riga
29%
Seoul
29%
South Korea
29%
Stockholm
29%
Sweden
29%
Switzerland
29%
Tallinn
29%
Tashkent
29%
Tbilisi
29%
Tehran
29%
Turkmenistan
29%
United Kingdom
29%
Uzbekistan
29%
Vaduz
29%
Vilnius
29%
Yemen
29%
Phnom Penh
26%
Brunei
24%
Antananarivo
21%
Australia
21%
Bahamas
21%
Canberra
21%
Federated States of Micronesia
21%
Madagascar
21%
Nassau
21%
Palikir
21%
Bahrain
18%
Barbados
18%
Bridgetown
18%
Cuba
18%
Havana
18%
Majuro
18%
Manama
18%
Marshall Islands
18%
Sri Jayawardenepura Kotte
18%
Sri Lanka
18%
Castries
15%
Jamaica
15%
Japan
15%
Kingston
15%
Kingstown
15%
Kiribati
15%
Port-of-Spain
15%
Saint Lucia
15%
Saint Vincent and the Grenadines
15%
South Tarawa
15%
Tokyo
15%
Trinidad and Tobago
15%
Apia
12%
Basseterre
12%
Cape Verde
12%
Comoros
12%
Cyprus
12%
Dominica
12%
Dominican Republic
12%
Fiji
12%
Funafuti
12%
Grenada
12%
Haiti
12%
Honiara
12%
Iceland
12%
Maldives
12%
Malé
12%
Malta
12%
Manila
12%
Mauritius
12%
Moroni
12%
Nauru
12%
New Zealand
12%
Ngerulmud
12%
Nicosia
12%
Nukuʻalofa
12%
Palau
12%
Philippines
12%
Port-au-Prince
12%
Port Louis
12%
Port Vila
12%
Praia
12%
Reykjavík
12%
Roseau
12%
Saint George's
12%
Saint Kitts and Nevis
12%
Samoa
12%
Santo Domingo
12%
São Tomé
12%
São Tomé and Príncipe
12%
Seychelles
12%
Singapore
12%
Singapore (cap)
12%
Solomon Islands
12%
Suva
12%
Taipei
12%
Taiwan
12%
Tonga
12%
Tuvalu
12%
Valletta
12%
Vanuatu
12%
Victoria
12%
Wellington
12%
Yaren
12%

Score Distribution

Percentile by Number Answered

Percent of People with Each Score

Your Score History

You have not taken this quiz